01000cam a22002532 450000100060000000300080000600500170001400800410003103500190007204000460009104100110013708200150014810000680016324501400023125000230037126000430039430000350043750000460047250400370051865000220055594200120057799900170058995201400060619300BD-RjUL20211209000419.0140223s1969 nyua b 000 0 eng c a(BD-RjUL)19358 aDLC/ICUcCGUdUKMdOCLdEQOdBD-RjULbeng1 aengrus0 a552.5bSTP1 aStrakhov, N. M.q(Nikolaĭ Mikhaĭlovich),d1900-1978.95936410aPrinciples of lithogenesis /c N.M. Strakhov. Translated by J. Paul Fitzsimmons. Edited by S.I. Tomkeieff and J.E. Hemingway.nVolume 2 a[1st English ed.]. aNew York :bConsultants Bureau,c1969. axi, 609 p. :billus. ;c26 cm. aTranslation of [Osnovy teorii litogeneza] aBibliography: v. 1, p.[240]-245. 0aPetrology.959365 2ddccBK c19300d19300 00102ddc40708NFICaRUCLbRUCLcStackd1971-07-30eZeitlingerg0.00l0o552.5 STP V-2 1969r2014-02-23 00:00:00tC-2w2014-02-23yBK